|
|
|
|
| LEADER |
00000nam#a22000001a#4500 |
| 001 |
00031935 |
| 003 |
AR-BaUAD |
| 005 |
20230908142229.0 |
| 008 |
080826s2003####sp#ao||##||||||||#||spa|d |
| 020 |
|
|
|a 8495677415
|
| 040 |
|
|
|a AR-BaUAD
|b spa
|c AR-BaUAD
|
| 041 |
|
|
|a spa
|
| 044 |
|
|
|c es
|2 ISO3166-1
|
| 080 |
|
|
|a 749
|x "19"
|
| 080 |
|
|
|a 749.036
|
| 100 |
1 |
|
|a Baker, Fiona
|
| 245 |
1 |
0 |
|a Siglo XX muebles /
|c Fiona y Keith Baker ; traducción Begoña Losa Ranz
|
| 260 |
|
|
|a [Madrid] :
|b Lisma,
|c 2003
|
| 300 |
|
|
|a 256 p. :
|b il., fot. col.
|
| 500 |
|
|
|a Traducción de: Twentieth-Century Furniture.
|
| 500 |
|
|
|a Introducción: p. 6-9.
|
| 500 |
|
|
|a Lugares de interés para visitar: p. 254.
|
| 504 |
|
|
|a Bibliografía seleccionada: p. 254.
|
| 500 |
|
|
|a Indice: p. 255.
|
| 500 |
|
|
|a Créditos de imágenes: p. 256.
|
| 700 |
1 |
|
|a Baker, Keith
|
| 700 |
1 |
|
|a Losa Ranz, Begoña
|4 tr.
|
| 653 |
|
|
|a ESTILOS ARTISTICOS
|
| 653 |
|
|
|a DISEÑO INDUSTRIAL
|
| 653 |
|
|
|a DISEÑADORES INDUSTRIALES
|
| 653 |
|
|
|a MUEBLES
|
| 653 |
|
|
|a SILLAS
|
| 653 |
|
|
|a SILLONES
|
| 653 |
|
|
|a MESAS
|
| 653 |
|
|
|a VITRINAS
|
| 653 |
|
|
|a ARTS AND CRAFTS
|
| 653 |
|
|
|a ART NOUVEAU
|
| 653 |
|
|
|a MODERNISMO
|
| 653 |
|
|
|a ART DECO
|
| 653 |
|
|
|a POP ART
|
| 653 |
|
|
|a POSMODERNISMO
|
| 653 |
|
|
|a ESCRITORIOS
|
| 653 |
|
|
|a CAMAS
|
| 653 |
|
|
|a ARMARIOS
|
| 653 |
|
|
|a BIBLIOTECAS
|
| 653 |
|
|
|a DECADA DE 1940
|
| 653 |
|
|
|a DECADA DE 1950
|
| 653 |
|
|
|a SIGLO XX
|
| 653 |
|
|
|a SIGLO XXI
|
| 655 |
|
|
|a TEXTO
|
| 852 |
|
|
|c 97-4
|
| 952 |
|
|
|0 0
|1 0
|4 0
|6 974
|7 0
|9 39288
|a AR-BaUAD
|b AR-BaUAD
|d 2026-08-08
|e Compra Exp.202.068/07
|g 170.00
|i 32040
|l 0
|o 97-4
|p zrnt032040
|r 2023-09-08 14:22:29
|w 2023-09-08
|y BK
|
| 990 |
|
|
|a Ej. No 1 : 32040 . 26/08/08 -- Compra Exp.202.068/07 -- (170 pesos).
|b ADM
|
| 990 |
|
|
|a DI200
|b TD
|
| 990 |
|
|
|a GAV
|b OP
|
| 990 |
|
|
|a AAQ00031935
|b CC
|
| 998 |
|
|
|a AAQ
|b Bibun 76
|
| 942 |
|
|
|c BK
|
| 999 |
|
|
|c 20056
|d 20056
|